| 000 | 01373nam a22003017a 4500 | ||
|---|---|---|---|
| 003 | OSt | ||
| 005 | 20260123020228.0 | ||
| 008 | 260123b ||||| |||| 00| 0 eng d | ||
| 040 |
_bEnglish. _cCvSU-CCAT Campus Library. _erda. |
||
| 050 |
_aUM HF 5429.3 _bG65 2024 |
||
| 100 |
_aGolosino, Sherween Dave A., author. _918359 |
||
| 245 |
_aRetail management practices of selected franchise businesses / _cSherween Dave A. Golosino, Monecca A. Macapaso, Micaella S. Palompo. |
||
| 260 |
_aRosario, Cavite : _bCavite State University-CCAT Campus, _c2024. |
||
| 300 |
_ax, 78 leaves : _billustrations ; _c28 cm |
||
| 500 | _aUndergraduate Thesis (BSBM) -- Cavite State University-CCAT Campus, 2024. | ||
| 504 | _aIncludes bibliographical references and appendices. | ||
| 546 | _aIn English text | ||
| 650 |
_aRetail trade -- Management -- Philippines. _918360 |
||
| 650 |
_aFranchises (Retail trade) -- Philippines. _918361 |
||
| 650 |
_aSmall business -- Management -- Philippines. _913796 |
||
| 650 |
_aEntrepreneurship -- Philippines. _918034 |
||
| 700 |
_aMacapaso, Monecca A., author. _918362 |
||
| 700 |
_aPalompo, Micaella S., author. _918363 |
||
| 700 |
_aAbug, Nerisa B., adviser. _96938 |
||
| 700 |
_aMendoza, Xavier Lawrence D., technical critic. _99284 |
||
| 942 |
_2lcc _cT/M/D _hHF 5429.3 G65 2024 _kUM |
||
| 999 |
_c4645 _d4645 |
||